000 00616pam a2200205 4500
001 8024
005 20181127184924.0
008 860224s1986 enk b 000 0 eng
010 _a 86004238
020 _a0521329221
020 _a052133831X (pbk.)
082 0 0 _a335.4
_219
100 1 _aElster, Jon,
_d1940-
245 1 3 _aAn introduction to Karl Marx /
_cJon Elster.
260 _aCambridge [Cambridgeshire] ;
_aNew York :
_bCambridge University Press,
_c1986.
300 _avii, 200 p. ;
_c22 cm.
504 _aIncludes bibliographies.
600 1 0 _aMarx, Karl,
_d1818-1883.
999 _c6908
_d6908